000 00541nam a22001817a 4500
005 20160106101152.0
010 _a ENG-114344
020 _a9789350097175
_c350.00
035 _aEN-97876
037 _bDBAD/PUB
082 _aN
100 _aNihalani, Shobha
245 _aUnresolved :
_cShobha Nihalani
_ba psychological thriller /
260 _aGurgaon
_bHachette Book Publishing
_c2015
270 _a4th & 5th Floors, Corporate Centre, Plot No.94, Sector 44
_bGurgaon
_e122003
300 _a286p.
_c21cm(pbk)
942 _2ddc
_cEN
_mNIH
_hN
999 _c97856
_d97856